Reforma en marcha: buena educación para todos
Uloženo v:
| Hlavní autor: | |
|---|---|
| Médium: | Kniha |
| Jazyk: | španělština |
| Vydáno: |
Santiago
Ministerio de Educación
1998
|
| Vydání: | 2a. ed |
| Témata: | |
| Tagy: |
Přidat tag
Žádné tagy, Buďte první, kdo vytvoří štítek k tomuto záznamu!
|
MARC
| LEADER | 00000nam a2200000 a 4500 | ||
|---|---|---|---|
| 001 | UCL2783 | ||
| 003 | CL-VaPUC | ||
| 008 | 031107e19981100CL |||||||||||||||||spa|d | ||
| 082 | 0 | 4 | |a 379.83 |b ARA |2 21 |
| 100 | 0 | |a Arancibia, Susana |e author |9 479893 | |
| 245 | 1 | 0 | |a Reforma en marcha: buena educación para todos |
| 250 | |a 2a. ed | ||
| 300 | |a 118 p | ||
| 942 | |c BK | ||
| 945 | |d 20031107 00:00:00 |a vberengu | ||
| 260 | |a Santiago |b Ministerio de Educación |c 1998 | ||
| 650 | 0 | |a Reforma educacional |9 256319 | |
| 650 | 0 | |a Educación chilena |9 327162 | |
| 651 | 7 | |a CHILE |2 CL-VaPUC |9 479894 | |
| 583 | |a last modification |c 20031107 00:00:00 |k Rodrigo Vera | ||
| 999 | |c 305975 |d 305973 | ||
| 952 | |0 0 |1 0 |4 0 |6 379_830000000000000_ARA_1998 |7 0 |8 A |9 370588 |a BIBEDU |b BIBEDU |d 2019-11-21 |i 3960366 |o 379.83 ARA 1998 |p 3960366 |r 2019-11-21 |w 2019-11-21 |y BK |k EBA | ||
| 952 | |0 0 |1 0 |4 0 |6 379_830000000000000_ARA_1998 |7 0 |8 A |9 370589 |a BIBEDU |b BIBEDU |d 2019-11-21 |i 4717104 |o 379.83 ARA 1998 |p 4717104 |r 2019-11-21 |w 2019-11-21 |y BK |k EPE | ||